| 000 | 02031nam0a2200313 4500 | ||
|---|---|---|---|
| 001 | RU\NLR\bibl\1406678 | ||
| 005 | 20250615210011.0 | ||
| 021 |
_aRU _b2009-51537 _93164 |
||
| 035 | _a(NLR Aleph) 001398675 | ||
| 090 |
_a1208420 _c1208420 |
||
| 100 | _a20090902d2009 |||y0rusy50 ca | ||
| 101 | 0 | _arus | |
| 102 | _aRU | ||
| 105 | _ay ||||||||| | ||
| 200 | 1 |
_aРынок ценных бумаг как источник инвестиций для предприятий железнодорожного транспорта _eучебное пособие для студентов вузов железнодорожного транспорта _e[по специальностям "Экономика и управление на предприятии (железнодорожный транспорт)", "Коммерция", "Маркетинг"] _fЛ.Ф. Кочнева, С.А. Межох _gМоск. гос. ун-т путей сообщ. (МИИТ), Ин-т экономики и финансов, Каф. "Финансы и кредит" |
|
| 210 |
_aМосква _cМосковский государственный университет путей сообщения _d2009 |
||
| 215 |
_a120 с. _d21 |
||
| 606 | 1 |
_aЖелезнодорожный транспорт _jУчебные издания для высших учебных заведений _xИнвестиции капитала _yРоссийская Федерация _92398291 _3RU\NLR\auth\661429782 |
|
| 606 | 1 |
_aЦенные бумаги _jУчебные издания для высших учебных заведений _xРынки _yРоссийская Федерация _92121921 _3RU\NLR\auth\661281220 |
|
| 686 | _aУ37(2)2-56я73 | ||
| 686 | _aУ26(2)229.5я73 | ||
| 700 | 1 |
_aКочнева _bЛ. Ф. _4070 |
|
| 701 | 1 |
_aМежох _bС. А. _gСергей Андреевич _4070 |
|
| 801 | 0 |
_aRU _bNLR _c20090902 _gRCR |
|
| 801 | 1 |
_aRU _bNLR _c20090902 |
|
| 830 | _a2-й авт. по базе | ||
| 942 | _cBOOK | ||
| 980 | _aNB | ||